000 00294nam a2200109Ia 4500
008 200302s9999 xx 000 0 und d
100 _aAzim A Nanji
245 _aThe A G A Khan for Architecture Building for Tomorrow
260 _bAcademy Edition Martins Press
260 _c1994
300 _a128 P.,
999 _c984
_d984